Diseño de un pavimento drenante utilizando adoquines de concreto

Gespeichert in:
Bibliographische Detailangaben
1. Verfasser: Aguilar Morales, Luis Roberto
Format: Buch
Veröffentlicht: [San José, Costa Rica] 2007
Schlagworte:
Tags: Tag hinzufügen
Keine Tags, Fügen Sie den ersten Tag hinzu!

MARC

LEADER 00000nam a2200000Ia 4500
001 5426
003 009898
005 20221231144109.0
008 140114s2007 cr a 000 ||s d
040 |c cru CEDI  
100 |a Aguilar Morales, Luis Roberto  |9 4922 
245 |a  Diseño de un pavimento drenante utilizando adoquines de concreto 
260 |c 2007  |b [San José, Costa Rica] 
300 |a xi, 138 hojas; ilustraciones 
500 |a Proyecto de graduación (licenciatura en ingeniería civil)--Universidad de Costa Rica. Facultad de Ingeniería. Escuela de Ingeniería Civil 
650 |x PAVIMENTOS DE HORMIGON   |x DISEÑO Y CONSTRUCCION   |x  DISEÑO Y CONSTRUCCION  |x DRENAJE DE CAMINOS   |9 4923 
942 |c BK 
999 |c 16849  |d 16849